01125nam a2200301Ia 4500001001200000003000800012006001900020007001500039008004100054010001700095020001500112040002100127035002000148050002300168245005800191260007600249300001600325362002100341533015200362546001300514650003200527650003900559650003600598655002900634710001700663856012600680999001700806ebr10018695CaPaEBRm u cr cn|||||||||970813s2001 it s i000 0 eng d z 98640727  z9251045909 aCaPaEBRcCaPaEBR a(OCoLC)7076382614aSD131b.S68 2001eb00aState of the world's forests.h[electronic resource]. aRome :bFood and Agriculture Organization of the United Nations,c2001. axiv, 181 p.1 aBegan with 1995. aElectronic reproduction.bPalo Alto, Calif. :cebrary,d2005.nAvailable via World Wide Web.nAccess may be limited to ebrary affiliated libraries. aEnglish. 0aForest policyvPeriodicals. 0aForests and forestryvPeriodicals. 0aForest managementvPeriodicals. 7aElectronic books.2local2 aebrary, Inc.40uhttp://site.ebrary.com/lib/rucke/Doc?id=10018695zAn electronic book accessible through the World Wide Web; click to view c12497d12497